In the Senate of the United States. Letter from the Postmaster General, relative to the claim of Irwin Tucker, late Postmaster at Newport News, Va., for credit on account of losses from burglary of post-office.

Bibliographic Details
Corporate Authors: United States. Congress. Senate. Committee on Post Offices and Post Roads, ProQuest (Firm), United States. Post Office Department
Format: eBook
Language:English
Published: Washington : [publisher not identified], 1894.
Series:United States congressional serial set.
Subjects:
Online Access:Connect to the full text of this electronic book

MARC

Tag First Indicator Second Indicator Subfields
LEADER 00000cam a22000001a 4500
001 in00002943021
005 20190401192705.0
006 m o d
007 cr un mmmapmmp
008 070203s1894 dcud o f000 0 eng d
035 |a cis2004099997 
040 |a UMI  |c UMI  |d UtOrBLW 
043 |a n-us--- 
099 |a ProQuest Serial Set Number 3160 S.exdoc.73 
110 1 |a United States.  |b Congress.  |b Senate.  |b Committee on Post Offices and Post Roads. 
245 1 0 |a In the Senate of the United States. Letter from the Postmaster General, relative to the claim of Irwin Tucker, late Postmaster at Newport News, Va., for credit on account of losses from burglary of post-office. 
246 1 |a Claim of Irwin Tucker, late postmaster at Newport News, Virginia 
264 1 |a Washington :  |b [publisher not identified],  |c 1894. 
300 |a 1 online resource. 
336 |a text  |b txt  |2 rdacontent 
337 |a computer  |b c  |2 rdamedia 
338 |a online resource  |b cr  |2 rdacarrier 
490 0 |a S.exdoc.73 
500 |a Record is based on bibliographic data in ProQuest U.S. Serial Set Digital Collection (last viewed Feb. 2007). Reuse except for individual research requires license from ProQuest, LLC. 
510 3 |a ProQuest U.S. Serial Set Digital Collection 
500 |a Electronic resource. 
610 1 0 |a United States.  |b Congress  |v Private bills. 
650 0 |a Bills, Private  |z United States. 
651 0 |a United States  |x Claims. 
655 7 |a Electronic books.  |2 local 
710 2 |a ProQuest (Firm) 
710 1 |a United States.  |b Post Office Department. 
830 0 |a United States congressional serial set. 
856 4 0 |u http://proxy.library.tamu.edu/login?url=http://congressional.proquest.com/congcomp/getdoc?SERIAL-SET-ID=3160+S.exdoc.73  |z Connect to the full text of this electronic book  |t 0 
999 |a MARS 
999 f f |s fe592b5f-ad42-3666-97ca-e33051fa5aa5  |i 4a3bdcf5-c213-397b-b8b9-5f957f390be3  |t 0 
952 f f |a Texas A&M University  |b College Station  |c Electronic Resources  |d Available Online  |t 0  |e ProQuest Serial Set Number 3160 S.exdoc.73  |h Other scheme 
998 f f |a ProQuest Serial Set Number 3160 S.exdoc.73  |t 0  |l Available Online